000 004460000a22001690004500
003 MACL
005 20151218134629.0
008 151218b xxu||||| |||| 00| 0 eng d
040 _aMACL
_cMACL
041 _aEnglish
082 _a050/ELI
100 _aEliot, Charles W
_921128
245 _aThe Divine Comedy of Dante Alighieri
_bHarvard Classics Vol 20
260 _bp f
_c1956
650 _aSerial Publication
_9330
942 _cBK
_k050/ELI
_2ddc
999 _c40614
_d40614